Comentarios a los cuatro evangelios
Gespeichert in:
| 1. Verfasser: | |
|---|---|
| Format: | Buch |
| Sprache: | Spanisch |
| Veröffentlicht: |
Madrid
Biblioteca de Autores Cristianos
1954
|
| Ausgabe: | 1a. ed |
| Schriftenreihe: | Biblioteca de Autores Cristianos, 112
|
| Schlagworte: | |
| Tags: |
Tag hinzufügen
Keine Tags, Fügen Sie den ersten Tag hinzu!
|
MARC
| LEADER | 00000cam a2200000 a 4500 | ||
|---|---|---|---|
| 001 | UCE5100 | ||
| 003 | CL-VaPUC | ||
| 008 | 141204e19540000sp |||||||||||||||||spa|d | ||
| 082 | 0 | 4 | |a 226 |b MAL |2 21 |
| 100 | |a Maldonado, Juan de |e autor |9 577592 | ||
| 245 | 1 | 0 | |a Comentarios a los cuatro evangelios |
| 250 | |a 1a. ed | ||
| 300 | |a v | ||
| 942 | |c BK | ||
| 945 | |d 20141204 15:21:00 |a dcastane | ||
| 260 | |a Madrid |b Biblioteca de Autores Cristianos |c 1954 | ||
| 500 | |a v.3: Evangelio de San Juan | ||
| 650 | 0 | |a Biblia |9 257603 | |
| 650 | 0 | |a Nuevo testamento |9 257604 | |
| 650 | 0 | |a Evangelios |9 314864 | |
| 650 | 0 | |a Textos sagrados |9 257605 | |
| 650 | 0 | |a Crítica e interpretación |9 255042 | |
| 583 | |a last modification |c 20141204 15:21:00 |k Rodrigo Vera | ||
| 490 | 0 | |a Biblioteca de Autores Cristianos, 112 | |
| 999 | |c 357913 |d 357911 | ||
| 952 | |0 0 |1 0 |3 erd |4 0 |6 226_000000000000000_MAL_1954 |7 0 |8 A |9 466068 |a BIBTEO |b BIBTEO |h v.3 |i 510937K |o 226 MAL 1954 |p 510937K |r 2025-01-17 |w 2019-11-23 |y BK |z Catalogado en:20141204 |k ICR | ||